Da existência do homem em epochas remotas no valle do Tejo. (Record no. 189524)
[ view plain ]
| 000 -LEADER | |
|---|---|
| campo de control de longitud fija | 01379nam a2200265 i 4500 |
| 001 - NÚMERO DE CONTROL | |
| campo de control | 189524 |
| 003 - IDENTIFICADOR DE NÚMERO DE CONTROL | |
| campo de control | ES-MaACL |
| 005 - FECHA Y HORA DE LA ÚLTIMA TRANSACCIÓN | |
| campo de control | 20251014063306.0 |
| 008 - DATOS DE LONGITUD FIJA--INFORMACIÓN GENERAL | |
| campo de control de longitud fija | 190606s1865 po f |||| | por d |
| 100 1# - ENTRADA PRINCIPAL--NOMBRE DE PERSONA | |
| Nombre de persona | Costa, Francisco A. Pereira da, |
| Fechas asociadas al nombre | 1809-1889 |
| 9 (RLIN) | 167301 |
| 245 10 - MENCIÓN DEL TÍTULO | |
| Título | Da existência do homem em epochas remotas no valle do Tejo. |
| Número de parte o sección de la obra | Primeiro opusculo, |
| Nombre de parte o sección de la obra | Notícia sobre os esqueletos humanos descobertos no Cabeço da Arruda / |
| Mención de responsabilidad, etc. | por F.A. Pereira da Costa ; com a versao em francez por M. Dalhunty. |
| 246 3# - FORMA VARIANTE DEL TITULO | |
| Título propio/Titulo breve | Da existência do homem em épocas remotas no vale do Tejo |
| 260 ## - PUBLICACIÓN, DISTRIBUCIÓN, ETC. | |
| Lugar de publicación, distribución, etc. | Lisboa : |
| Nombre del editor, distribuidor, etc. | Imprensa Nacional, |
| Fecha de publicación, distribución, etc. | 1865. |
| 300 ## - DESCRIPCIÓN FÍSICA | |
| Extensión | 38, [2] p., VII h. de lám. ; |
| Dimensiones | 33 cm. |
| 530 ## - NOTA DISPONIBLE DE FORMULARIO FÍSICO ADICIONAL | |
| Nota de formato físico adicional disponible | Disponible en formato digital. |
| 546 ## - NOTA DE IDIOMA | |
| Nota de lengua/lenguaje | Texto paralelo en portugués y francés. |
| 594 ## - Nota al título y mención de responsabilidad | |
| Nota al título y mención de responsabilidad | Precede al tít.: Commissao Geologica de Portugal. |
| 599 ## - NOTA A LAS ILUSTRACIONES | |
| NOTA A LAS ILUSTRACIONES | Lám.: litogr. de Lopes. |
| 650 #4 - PUNTO DE ACCESO ADICIONAL DE MATERIA--TÉRMINO DE MATERIA | |
| Término de materia o nombre geográfico como elemento de entrada | Hombre prehistórico- |
| Subdivisión geográfica | Portugal. |
| 9 (RLIN) | 167302 |
| 650 #4 - PUNTO DE ACCESO ADICIONAL DE MATERIA--TÉRMINO DE MATERIA | |
| Término de materia o nombre geográfico como elemento de entrada | Restos humanos (Arqueología)- |
| Subdivisión geográfica | Portugal. |
| 9 (RLIN) | 167303 |
| 700 1# - ENTRADA AGREGADA--NOMBRE PERSONAL | |
| Nombre de persona | Dalhunty. M. |
| 9 (RLIN) | 126690 |
| 852 ## - LOCALIZACIÓN | |
| Ubicación | ES-MaACL |
| Número de control de estantería | L-32428(1) |
| Nota libre | - Enc. cart. |
| -- | . - Legado Federico de Botella y de Hornos |
| -- | - Enc. en 1 vol. facticio, con nombre en el lomo de: "Portugal: geología, memorias y documentos varios" |
| 856 ## - LOCALIZACIÓN Y ACCESO ELECTRÓNICOS | |
| Identificador Uniforme de Recursos | <a href="https://archive.org/details/b2170496x/page/n1 ">https://archive.org/details/b2170496x/page/n1 </a> |
| Nota pública | Internet Archive |
| Estatus retirado | Estado de pérdida | Estado de daño | No para préstamo | Colección | Biblioteca de origen | Biblioteca actual | Ubicación en estantería | Fecha de adquisición | Fuente de adquisición | Total de préstamos | Signatura topográfica completa | Código de barras | Visto por última vez | Precio de reemplazo | Tipo de ítem Koha |
|---|---|---|---|---|---|---|---|---|---|---|---|---|---|---|---|
| Colección digital | Biblioteca del Ateneo de Madrid | Biblioteca del Ateneo de Madrid | Depósito 2 | 06/06/2019 | L-32428(1) | 1200819 | 23/02/2023 | 23/02/2023 | Libro impreso antiguo |
